000 00425nam a2200205Ia 4500
001 14460
003 GE_BSU
008 181216s||||||||xx |||||||||||||| ||und||
020 _a0708839975
040 _cGE_BSU
080 _a821.111-3
100 _aBanks,Lain
245 _aEspedair Street
260 _aLondon
260 _bFutura
260 _c1987
300 _a249p.20cm.
653 _aEspedair Street
942 _cBK
999 _c47593
_d47593